000 00628nam a22001817a 4500
003 UA-OsUOA
001 9809
007 ta
008 20041204b un ||||| |||| 00| 0 ukr d
100 _aГригоренко І.
942 _cSA
040 _aUA-OsUOA
_cUA-OsUOA
_dUA-OsUOA
245 _aУже минуло 165 років
_b[Про наук.-краєзн. конф., присвяч. 165-й річниці Рівнен. обл. краєзн. музею]
300 _aС.3
955 _a0
773 0 _w0
_tВісті Рівненщини
_dРівне
_d2004
_g№111/112/26 листоп./
650 7 _aКонференції
_2UDC
999 _c295970
_d295970